| 000 | 00598nam a22002177a 4500 | ||
|---|---|---|---|
| 003 | OSt | ||
| 005 | 20220107122901.0 | ||
| 008 | 211209b xxu||||| |||| 00| 0 eng d | ||
| 020 | _a9781484248997 | ||
| 040 | _cKUDSIT | ||
| 082 | _a005.268 REL/I | ||
| 100 |
_aRelan, Kunal _918807 |
||
| 245 |
_aiOS penetration testing: _bA definitive guide to iOS security |
||
| 260 |
_aNew York, _bApress, _c2016. |
||
| 300 | _axix, 135p. | ||
| 650 |
_aCOMPUTER SCIENCE _918808 |
||
| 650 |
_aPENETRATION TESTING _918809 |
||
| 650 |
_aIOS PENETRATION _918810 |
||
| 650 |
_aIOS SECURITY _918811 |
||
| 942 |
_2ddc _cBK |
||
| 999 |
_c6882 _d6882 |
||